Представление документа в формате RUSMARC

ПолеНазваниеЗначение
  Тип записи a
  Библиографический уровень m
001 Контрольный номер RU/SLIB/B/208730450
005 Дата корректировки 20230111141418.6
010 Индекс ISBN __
a ISBN 5-300-00467-7
d Цена 9 000-00
101 Язык документа 0_
a Язык текста rus
a Язык текста lat
200 Заглавие и сведения об ответственности 1_
a Заглавие Краткий словарь латинских слов, сокращений и выражений
f Первые сведения об ответственности сост.: В. Купреянова, Н. Умнова
b Общее обозначение материала Текст
210 Выходные данные 1_
a Место издания М.
c Издательство Терра
d Дата издания 1996
215 Физическое описание __
a Объем 96 с.
606 Тематические рубрики __
a Основная рубрика Языкознание
606 Тематические рубрики __
a Основная рубрика Италийские языки
610 Ключевые слова 0_
a Ключевые слова латинский язык; частное языкознание; изучение иностранных языков; иностранные языки
686 Индексы других классификаций __
a Классификационный индекс 81.2Лат-4
702 Вторичная интеллектуальная ответственность _1
a Фамилия Купреянова
b Имя В.
4 Код отношения Составитель
702 Вторичная интеллектуальная ответственность _1
a Фамилия Умнова
b Имя Н.
4 Код отношения Составитель
801 Источник записи _0
a Страна RU
b Организация Муниципальное бюджетное учреждение культуры "Централизованная библиотечная система" г. Сургут (Центральная городская библиотека им. А. С. Пушкина)
g Правила каталогизации ОИЛ/Рутковская
801 Источник записи _1
a Страна RU
b Организация Муниципальное бюджетное учреждение культуры "Централизованная библиотечная система" г. Сургут (Центральная городская библиотека им. А. С. Пушкина)
g Правила каталогизации ОИЛ/Рутковская
852 Данные о местонахождении __
j Шифр хранения 81.2Лат-4
c Каталожный индекс 81.2Лат-4
i Авторский знак К 78
p Инвентарный номер 61209
901 Тип документа __
t Тип документа m
903 Характеристики (МАРС) __
a Дата передачи 20021006
969 Тип издания __
a Тип издания словарь
990 Данные о заказе (DOS) __
j Количество экземпляров (DOS) 1
t N записи в КСУ для И/У (DOS) 199701